000 00421nam a22001577a 4500
003 OSt
005 20250130105146.0
008 250130b |||||||| |||| 00| 0 eng d
040 _cParliament of Kenya
082 _a362.109
_bPAC
100 _d2013
245 _aAfrican Sexuality in the Context of HIV and AIDS
260 _aKampala,Uganda
_bPan African Christian AIDS Network
_c2013
300 _a145p.
942 _2ddc
_cBK
999 _c4061
_d4061